Výskyt troch a viac rizikových faktorov u pacientov v lipidovej ambulancii

Bibliographic Details
Main Authors: Vaľková, E. (Author), Ostrožlíková, Mária (Author), Poláková, E. (Author), Plentová, K. (Author)
Format: Article
Language:Slovak
ISSN:1335-2253
Subjects:

MARC

LEADER 00000nab a2200000 a 4500
001 vtls000761037
003 SK-MaSNL
005 20260303215445.0
008 140402c2000 xo 0 slo
015 |a SNBRB2001/06-19844 
035 |a CLN000112824 
040 |a SNKBUCL  |b slo  |c SNKBUCL  |e AACR2 
041 0 |a slo 
044 |a xo  |c SK 
080 |a 616.153.915-008.61  |2 1997 
080 |a 616-056.52  |2 1997 
080 |a 616.12-008.331.1  |2 1997 
245 0 0 |a Výskyt troch a viac rizikových faktorov u pacientov v lipidovej ambulancii  |c E. Vaľková ... [et al.] 
650 0 7 |a hyperlipidémia  |2 snkbucl  |9 13729 
650 0 7 |a obezita  |2 snkbucl  |9 2527 
650 0 7 |a hypertenzia  |2 snkbucl  |9 2490 
650 0 7 |a faktory rizikové  |2 snkbucl  |9 838956 
650 0 7 |a pacienti ambulantní  |2 snkbucl  |9 1240307 
650 0 7 |a hyperlipémia  |2 snkbucl  |9 1058520 
655 7 |a články z novín a časopisov  |2 snkbucl  |9 267496 
700 1 |a Vaľková, E.  |4 aut  |9 1120044 
700 1 |a Ostrožlíková, Mária  |4 aut  |9 792999 
700 1 |a Poláková, E.  |4 aut  |9 393919 
700 1 |a Plentová, K.  |4 aut  |9 1160314 
773 0 |t Ateroskleróza  |g Roč. 4, č. 3 (2000), s. 164  |x 1335-2253 
850 |a Slovenská národná knižnica v Martine 
852 |a SNK  |b KIS3GCP 
958 |a MI 
992 |a RBX 
999 |c 2221841  |d 2223771